00366 a2200133 450000100060000008200140000609000170002010000180003724500200005526000180007594200240009399900190011795200960013663474 a297.4 HAJ c37511d37511 aAli Al Hajwir aKashf Al-Mahjub aLondonbLuzac aNUST-CAEk297.4 HAJ c298547d298547 001040708NFICaCAEbCAEd2017-04-03l0o297.4 HAJpCAEG-5439r2017-04-05w2017-04-05yBK